000 00819nab a2200253 4500
003 BR-BrBNA
005 20251109232117.0
008 251109b bl.||||| |||| 00| 0 por d
040 _aBR-BrBNA
_bpor
072 _aP06 ; E21 ; E13
_b0230 ; 8961
100 _aCilo, Hugo
245 _bAgroeconomia
_aDá para acreditar no etanol?
500 _a3 illus.
650 _aINDÚSTRIA AGRÍCOLA
650 _aUSINA AÇUCAREIRA
650 _aETANOL
650 _aBIOENERGIA
650 _aPERDA DE RENDA
650 _aCUSTO DE PRODUÇÃO
650 _aENDIVIDAMENTO
773 0 _01706
_9348041
_dSão Paulo-SP Editora Três Ltda - E-mail: luizfsa@revistadinheiro.com.br 2004
_o2025-0536
_tDinheiro Rural (Brazil)
_x1807-3700
_gv. 8(92) p. 28-30; (Jun 2012)
_wBR2025004664
942 _cANA
999 _c338996
_d338996